000 00292nam a22001337a 4500
008 170419b xxu||||| |||| 00| 0 eng d
020 _a9780073403465
041 _aeng
080 _24 ED
_a573
100 _a11
101 _aSHM
245 _aBIOLOGY CONCEPTS
_cENGER.E.D
942 _2udc
_cBK
999 _c11254
_d11254